Continuous geometries with a transition probability
Αποθηκεύτηκε σε:
| Κύριος συγγραφέας: | |
|---|---|
| Άλλοι συγγραφείς: | |
| Μορφή: | Βιβλίο |
| Γλώσσα: | English |
| Δημοσίευση: |
Providence, R.I. :
American Mathematical Society,
1981.
|
| Σειρά: | Memoirs of the American Mathematical Society ;
252 |
| Θέματα: | |
| Ετικέτες: |
Προσθήκη ετικέτας
Δεν υπάρχουν, Καταχωρήστε ετικέτα πρώτοι!
|
MARC
| LEADER | 00000cam a2200000 i 4500 | ||
|---|---|---|---|
| 001 | 1/49276 | ||
| 008 | 941103s1981 riu ||| | eng|| | ||
| 020 | |a 0821822527 | ||
| 035 | |l 10043564 | ||
| 040 | |a GR-MyUA |b gre |e AACR2 | ||
| 041 | 0 | |a eng | |
| 082 | 0 | |a 511.33 |2 (19) | |
| 100 | 1 | |a Von Neumann, John, |d 1903-1957. | |
| 245 | 1 | 0 | |a Continuous geometries with a transition probability / |c John von Neumann ; prepared and edited by Israel Halperin. |
| 260 | |a Providence, R.I. : |b American Mathematical Society, |c 1981. | ||
| 300 | |a vii, 210 σ. ; |c 26 εκ. | ||
| 490 | 1 | |a (Memoirs of the American Mathematical Society |v ; 252) | |
| 500 | |a "Reproduces a manuscript (third draft) written by John von Neumann in 1937 (the original hand-written manuscript is kept in the J. von Neumann file in the Library of Congress)"--Foreword | ||
| 500 | |a "Volume 34." | ||
| 650 | 0 | 0 | |a Continuous geometries. |
| 650 | 0 | 0 | |a Probabilities. |
| 650 | 0 | 0 | |a Von Neumann algebras. |
| 650 | 0 | 0 | |a Quantum theory. |
| 700 | 1 | |a Halperin, Israel, |d 1911-2007, |e edt | |
| 830 | 0 | |a Memoirs of the American Mathematical Society ; |v 252 | |
| 852 | |a INST |b SAMOS |e 19941103 |h 511.33 VON |p 005300004370 |q 005300004370 |t BK |y 0 | ||
| 909 | |a Σ |b 033788 | ||